Villes de France - Par panorama # 1 - Statistiques

Statistiques générales
  • Ce quiz a été pris 115 fois
  • Le résultat moyen est 7 sur 20
Statistiques - réponses
Par images Réponse % Correct
Grenoble
76%
Millau
71%
La Rochelle
60%
Clermont-Ferrand
56%
Bordeaux
53%
Orléans
41%
Versailles
41%
Amiens
40%
Montpellier
37%
Albi
33%
Dijon
33%
Nancy
33%
Cayenne
29%
Caen
24%
Bastia
17%
Laval
12%
Gap
10%
Agen
9%
Vesoul
6%
Verdun
4%
Aucun quiz correspondant
Distribution des résultats
% des personnes avec chaque résultat
Percentile par nombre de réponses
Votre historique - résultats
Vous n’avez pas pris ce quiz